Historiske personer fra renessansen (Bilder) - Statistics

General Stats
  • This quiz has been taken 11 times
  • The average score is 9 of 18
Answer Stats
Picture Hint Answer % Correct
Italiensk renessanse-geni, "Mona Lisa", 1503 Leonardo da Vinci
100%
Polsk astronom, fremmet det heliosentriske verdensbildet, 1543 Nicolaus Copernicus
100%
Engelsk dramatiker, skrev teaterstykker ca. 1590-1615, den engelske renessansen William Shakespeare
89%
Tysk oppfinner av boktrykkerkunsten, ca. 1450 Johann Gutenberg
78%
Tysk munk og teologiprofessor, startet reformasjonen i 1517 Martin Luther
78%
Italiensk renessanse-humanist, "Fyrsten", 1532 (skrevet 1513) Niccolo Machiavelli
67%
Italiensk skulptør og maler, "David", 1504 Michelangelo
56%
Italiensk maler, "Skolen i Athen", 1510" Rafael
56%
Italiensk poet, startet renessansen og humanismen da han oppdaget brev av Cicero i 1345 Francesco Petrarca
44%
Italiensk maler, kjent for "Venus' fødsel", ca. 1486 Sandro Botticelli
44%
Italiensk arkitekt som fant opp sentralperspektiv i 1413, og designet domen på Firenze-katedralen, 1436 Filippo Brunelleschi
33%
Sønnesønn av den forrige, styrte Firenze fra 1469-92 Lorenzo de' Medici
33%
Tysk maler, tidlig 1500-tallet, den tyske renessansen Albrecht Dürer
22%
Bankmann som styrte Firenze, 1434-64, sponset renessansen Cosimo de' Medici
22%
Nederlandsk renessanse-humanist, ønsket reform av kirken uten brudd Erasmus av Rotterdam
22%
Tysk maler, malte de to neste portrettene Hans Holbein den yngre
22%
Flamsk maler, 1430-tallet, tidlig nordlig renessanse Jan van Eyck
22%
Engelsk renessanse-humanist, "Utopia", 1516, henrettet Thomas More
22%
No matching quizzes found
Score Distribution
Percent of People with Each Score
Percentile by Number Answered
Your Score History
You have not taken this quiz